000 01015nam a22002537a 4500
999 _c63504
_d63504
005 20240530110644.0
008 171107s2015 ua a g b 000 0dara d
017 _a2015/4514
_bمصر. دار الكتب
020 _a9789772815470
040 _aEG-CaGPL
_cEG-CaGPL
082 0 4 _221
_a354.3\
_bق/ و ت
100 0 _aوفاء محمد حجاج
245 1 2 _aالتنمية الشاملة فى سيناء :
_bبين الواقع و الامل /
_cاعداد وفاء محمد حجاج ، محمد السيد ارناؤوط .
250 _aط.1
260 _aالقاهرة :
_bالمكتبة الاكاديمية ،
_c2015 .
300 _a328 ص. ؛
_c24 سم.
650 _2qrmak
651 0 7 _2qrmak
_aسيناء
_xتاريخ
651 0 7 _2qrmak
_aسيناء
_xالتنمية السياحية
651 0 7 _2qrmak
_aسيناء
_xالتنمية الزراعية
700 0 _aمحمد السيد ارناؤوط
_eمؤلف مشارك .
942 _2ddc
_cBK